|
|
|
|
| LEADER |
01584nam a2200277 a 4500 |
| 001 |
GR-Patra21619 |
| 008 |
070516s2007 gr g 000 0 gre d |
| 020 |
|
|
|a 9603410720
|
| 040 |
|
|
|a GrPaTEI
|b gre
|c GR-PaULI
|
| 040 |
|
|
|a GrPaTEI
|b gre
|c GR-PaULI
|
| 082 |
|
0 |
|a 338.9495
|2 21
|
| 100 |
1 |
|
|a Κωστελένος, Γεώργιος
|
| 245 |
1 |
0 |
|a Πηγές οικονομικής ιστορίας της Νεότερης Ελλάδας :
|b ποσοτικά στοιχεία και στατιστικές σειρές: ακαθάριστο εγχώριο προϊόν 1830-1939 /
|c Γεώργιος Κωστελένος ... [κ.ά.].
|
| 260 |
|
|
|a Αθήνα :
|b ΚΕΠΕ :
|b Εθνική Τράπεζα της Ελλάδος,
|c 2007
|
| 300 |
|
|
|a 266 σ. :
|b διαγ., πιν.
|
| 490 |
1 |
|
|a Ερευνητικές συνεργασίες. 1
|
| 504 |
|
|
|a Βιβλιογραφία: σ. 255-266
|
| 650 |
|
4 |
|a Οικονομία
|x Στατιστική
|
| 650 |
|
4 |
|a Οικονομική ιστορία
|z Ελλάς
|y 1830-1939
|
| 710 |
0 |
|
|a Εθνική Τράπεζα της Ελλάδος.
|b Ιστορικό Αρχείο
|
| 710 |
0 |
|
|a Κέντρο Προγραμματισμού και Οικονομικών Ερευνών
|
| 830 |
|
0 |
|1 00121620
|1 2001
|a Ερευνητικές συνεργασίες ;
|v 1
|
| 942 |
|
|
|2 ddc
|
| 952 |
|
|
|0 0
|1 0
|2 ddc
|4 0
|6 338_949500000000000_ΠΗΓ
|7 0
|9 301923
|a LISK
|b LISK
|c BSC
|d 2021-01-17
|e 24
|f 0
|g 0.00
|l 0
|o 338.9495 ΠΗΓ
|p 92410031427
|r 2021-01-17 00:00:00
|t 1
|w 2021-01-17
|y BK15
|x 20070516 0 1
|x GrPaTEI
|
| 971 |
|
|
|a .b26691929
|b 16-04-20
|c 26-09-16
|
| 999 |
|
|
|c 175511
|d 175511
|